00249nam a2200097Ia 4500008004000000082001700040100001800057245004100075260002800116300000700144210210b1965 xxu||||| |||| 00| 0 eng d a824.009 MULS aMULLIK (B R). aStudies in prose-writers.V9- Ruskin. aN DbChand & Co.,c1965 a56